Obras completas de D. José M. de Pereda C. de la Real Academia Española

Detalles Bibliográficos
Autor principal: Pereda, José María de 1833-1906
Formato: Libro
Lenguaje:Spanish
Publicado: Madrid 1889
Materias:
Colección:Banco de datos
Acervo:Biblioteca de la Congregación del Oratorio de San Felipe Neri de México. Iglesia La Profesa
Descripción Física:t. 17 cm.
Notas:Encuadernación en keratol con lomo en piel (2215-2218). Ex libris en estampa de Ramón de S. N. Araluce editor, México (2215). Sello en tinta de la Moderna, librería religiosa de José L. Vallejo S. en C., México (2215-2218). Sello en tinta del Oratorio de San Felipe Neri de México. Biblioteca La Profesa, D.F. (2215-2218)
LEADER 01110nam a22001930004500
035 |a 1347 
041 0 |a spa 
100 1 |a Pereda, José María de  |d 1833-1906 
245 1 0 |a Obras completas de D. José M. de Pereda C. de la Real Academia Española 
260 |a Madrid  |b imprenta y fundición de Tello  |c 1889 
300 |a  t.  |c 17 cm. 
500 |a Encuadernación en keratol con lomo en piel (2215-2218). Ex libris en estampa de Ramón de S. N. Araluce editor, México (2215). Sello en tinta de la Moderna, librería religiosa de José L. Vallejo S. en C., México (2215-2218). Sello en tinta del Oratorio de San Felipe Neri de México. Biblioteca La Profesa, D.F. (2215-2218) 
504 |a Índice de contenido 
505 0 0 |a t. 11 La puchera.-- t. 12 La Montálvez.-- t. 13 Pedro Sánchez.-- t. 14 Nubes de estío 
600 1 4 |a Pereda, José María de, 1833-1906-Obras 
949 |a Iglesia La Profesa, Biblioteca t. 11 (2215); t. 12 (2216); t. 13 (2217); t. 14 (2218) 
942 |c PROFESA 
943 |g Biblioteca de la Congregación del Oratorio de San Felipe Neri de México. Iglesia La Profesa 
999 |c 948158  |d 948158